| 000 | 00709cam a22002294a 4500 | ||
|---|---|---|---|
| 999 |
_c1081 _d1081 |
||
| 001 | 14223 | ||
| 003 | BD-DhUAP | ||
| 005 | 20200202151901.0 | ||
| 008 | 200202s2007 bg l 001 0 eng d | ||
| 040 |
_aDLC _cBD-DhUAP _dBD-DhUAP _bEng |
||
| 082 |
_223 _a347.5491077 COU |
||
| 245 | 1 | 4 | _aThe Court-fees Act (VII of 1870) & Suits Valuation Act (VII of 1887). |
| 250 | _a4th ed. | ||
| 260 |
_aDhaka : _bDhaka Law Reports, _c2007. |
||
| 300 |
_a[12], 172 pages ; _c25 cm. |
||
| 500 | _aIncludes index. | ||
| 650 | 0 |
_aCosts (Law) _zBangladesh. |
|
| 710 | 2 | _aDhaka Law Reports (DLR). | |
| 906 |
_a7 _bcbc _corigode _d2 _encip _f20 _gy-gencatlg |
||
| 942 |
_2ddc _cBK |
||